000 00657cam a22002293a 4500
001 20878
003 PGUSA
005 20140828083438.0
008 070322s2007||||xxu|||||s|||||000 | eng d
040 _aPGUSA
_beng
042 _adc
050 4 _aPR
100 1 _aMorley, John,
_d1838-1923
245 1 0 _aCritical Miscellanies, Vol. I :
_bEssay 2: Carlyle
_h[electronic resource] /
_cJohn Morley
260 _bProject Gutenberg,
_c2007
506 _aPublic domain in the USA.
516 _aElectronic text
653 _aCarlyle, Thomas, 1795-1881
830 0 _aProject Gutenberg
_v20878
856 4 0 _uhttp://www.gutenberg.org/ebooks/20878
942 _cEB
999 _c250133
_d250133